| 000 | 00470nam a22001937a 4500 | ||
|---|---|---|---|
| 003 | MPLRDC | ||
| 005 | 20220104152934.0 | ||
| 008 | 210129b ||||| |||| 00| 0 eng d | ||
| 020 | _a7-5438-2051-X | ||
| 082 | _a293.27 ZDY | ||
| 100 | _a张东煜 | ||
| 245 |
_a星座与命运 _c |
||
| 250 | _a初版 | ||
| 260 |
_a中国 _b湖南人民出版社 _c1999 |
||
| 300 | _b105 | ||
| 490 | _a德先生茶馆丛书 | ||
| 650 | _a占星--星座 | ||
| 942 |
_cBK _o293.27 ZDY |
||
| 999 |
_c53171 _d53161 |
||